A voltage-distortion-based method for robust detection and location of interturn fault in permanent magnet synchronous machine / (Record no. 19917)
[ view plain ]
| 000 -LEADER | |
|---|---|
| fixed length control field | 01128nam a22002537a 4500 |
| 003 - CONTROL NUMBER IDENTIFIER | |
| control field | OSt |
| 005 - DATE AND TIME OF LATEST TRANSACTION | |
| control field | 20250918165846.0 |
| 008 - FIXED-LENGTH DATA ELEMENTS--GENERAL INFORMATION | |
| fixed length control field | 240401b ||||| |||| 00| 0 eng d |
| 040 ## - CATALOGING SOURCE | |
| Transcribing agency | 0 |
| 082 ## - DEWEY DECIMAL CLASSIFICATION NUMBER | |
| Classification number | DPer 621.381 In821 September 2022 v. 37 n. 9 |
| 100 ## - MAIN ENTRY--PERSONAL NAME | |
| Personal name | Hang, Jun. |
| Relator term | author. |
| 9 (RLIN) | 55615 |
| 245 ## - TITLE STATEMENT | |
| Title | A voltage-distortion-based method for robust detection and location of interturn fault in permanent magnet synchronous machine / |
| Statement of responsibility, etc. | Jun Hang, Qitao Hu, Wushuang Sun, Xixi Ren, Shichuan Ding, Yourui Huang, and Wei Hua. |
| 260 ## - PUBLICATION, DISTRIBUTION, ETC. (IMPRINT) | |
| Place of publication, distribution, etc. | New York ; |
| Name of publisher, distributor, etc. | The Institute of Electrical and Electronics Engineers, Inc. , |
| Date of publication, distribution, etc. | September 2022. |
| 300 ## - PHYSICAL DESCRIPTION | |
| Extent | Volume 37, pages 11174-11186 : |
| Other physical details | illustration ; |
| Dimensions | 28 cm. |
| 500 ## - GENERAL NOTE | |
| General note | IEEE Transitions on Power Electronics, v. 37 n. 9, pages 11174-11186, September 2022. |
| 700 ## - ADDED ENTRY--PERSONAL NAME | |
| Personal name | Hang, Jun. |
| Relator term | author. |
| 9 (RLIN) | 55615 |
| 700 ## - ADDED ENTRY--PERSONAL NAME | |
| Personal name | Hu, Qitao. |
| Relator term | author. |
| 9 (RLIN) | 55616 |
| 700 ## - ADDED ENTRY--PERSONAL NAME | |
| Personal name | Sun, Wushuang. |
| Relator term | author. |
| 9 (RLIN) | 55617 |
| 700 ## - ADDED ENTRY--PERSONAL NAME | |
| Personal name | Ren, Xixi. |
| Relator term | author. |
| 9 (RLIN) | 55618 |
| 700 ## - ADDED ENTRY--PERSONAL NAME | |
| Personal name | Ding, Shichuan. |
| Relator term | author. |
| 9 (RLIN) | 55619 |
| 700 ## - ADDED ENTRY--PERSONAL NAME | |
| Personal name | Huang, Yourui. |
| Relator term | author. |
| 9 (RLIN) | 55620 |
| 700 ## - ADDED ENTRY--PERSONAL NAME | |
| Personal name | Hua, Wei. |
| Relator term | author. |
| 9 (RLIN) | 55621 |
| 942 ## - ADDED ENTRY ELEMENTS (KOHA) | |
| Source of classification or shelving scheme | Dewey Decimal Classification |
| Koha item type | Periodicals |
| Withdrawn status | Lost status | Source of classification or shelving scheme | Damaged status | Not for loan | Collection code | Home library | Current library | Date acquired | Total Checkouts | Full call number | Date last seen | Price effective from | Koha item type | Public note |
|---|---|---|---|---|---|---|---|---|---|---|---|---|---|---|
| Dewey Decimal Classification | Periodicals | UM Digos College - LIC | UM Digos College - LIC | 04/01/2024 | DPer 621.381 In821 September 2022 v. 37 n. 9 | 04/01/2024 | 04/01/2024 | Periodicals | Periodical Article |
